Представление документа в формате MARC21

Поле Инд. ПП Название Значение
Тип записи a
Библиографический уровень b
001 Контрольный номер RU/IS/BASE/178305349
005 Дата корректировки 20210202180030.1
008 Кодируемые данные 20050825
084 a Индекс другой классификации/Индекс ББК 60.032.3; 72в06
100 1_ a Автор Пригожин И. Р.
q Полное имя Пригожин Илья Романович
245 _4 a Заглавие The Die Is Not Cast (Кость еще не брошена)
c Ответственность перевод с английского Е. Н. Князевой
650 04 a Основная рубрика наука
a Основная рубрика социальная философия
a Основная рубрика философия
a Основная рубрика философия истории
653 0_ a Ключевые слова бифуркации
a Ключевые слова будущее человечества
a Ключевые слова история
a Ключевые слова развитие человечества
700 12 a Автор Князева Е. Н.
e Роль лиц переводчик
q Полное имя Князева Елена Николаевна
773 18 t Заглавие источника Устойчивое развитие. Наука и практика
d Дата издания источника 2003
g Прочая информация № 2. - С. 7 - 12
w Контрольный № источника RU/IS/BASE/129299810
901 t Тип документа b